000 00820nam a2200265 a 4500
001 11030
003 BD-RjUL
005 20211208235046.0
008 161016s1985 nyua b 001 0 eng d
020 _a0195035313 :
020 _a0195035437 :
035 _a(BD-RjUL)11079
040 _aDLC
_cDLC
_dDLC
_dBD-RjUL
_beng
041 _aeng
082 0 0 _223
_a548.81
_bGLC 1985
100 1 _aGlusker, Jenny Pickworth
_934081
245 1 0 _aCrystal structure analysis :
_ba primer /
_cby Jenny Pickworth Glusker, Kenneth N. Trueblood
250 _a2nd ed.
260 _aNew York :
_bOxford University Press,
_c1985.
300 _axvii, 269 p. :
_bill. ;
_c25 cm.
504 _aIncludes Bibliography and index.
650 0 _aStructural crystallography.
_932004
700 1 _aTrueblood, Kenneth N.
_934082
942 _2ddc
_cBK
999 _c11030
_d11030